Elephant Trivia Multiple Choice - Statistics

General Stats
  • This quiz has been taken 1,279 times
  • The average score is 7 of 10
Answer Stats
Question Answer % Correct
Elephants have really good memories. True
95%
What diet do elephants typically have? Herbivore
93%
Elephants are the largest living mammals. False
85%
Adult elephants are physically unable to jump. True
81%
The "Proboscis" of elephants are better known by what common name? Trunk
77%
The tusks of an elephant are actually two of their front teeth. True
63%
Which African country has more elephants? Botswana
52%
How many different species of elephants are still alive and recognised today? 3
44%
Approximately how many bones do adult elephants typically have? 350
40%
In 2012, how many elephants were there estimated to be left in the world? 440,000
36%
No matching quizzes found
Score Distribution
Percent of People with Each Score
Percentile by Number Answered
Your Score History
You have not taken this quiz